It looks like you're offline.
Open Library logo
additional options menu

MARC Record from Scriblio

Record ID marc_records_scriblio_net/part08.dat:46060496:717
Source Scriblio
Download Link /show-records/marc_records_scriblio_net/part08.dat:46060496:717?format=raw

LEADER: 00717nam 2200241 4500
001 74155443
003 DLC
005 19740228000000.0
008 740215s1973 enka 00110 eng
010 $a 74155443
015 $aGB***
020 $a0412097702
050 0 $aQC33$b.W46
082 $a530/.028
100 10 $aWhittle, Raymond Monro.
245 10 $aExperimental physics for students$c[by] R. M. Whittle and J. Yarwood.
260 0 $aLondon,$bChapman and Hall$c[1973]
300 $a370 p.$billus.$c25 cm.
350 $a£4.95
500 $a"Distributed in the U.S.A. by Halsted Press, New York."
650 0 $aPhysics$xExperiments.
650 0 $aPhysics$xLaboratory manuals.
700 10 $aYarwood, John,$ejoint author.